[Event "Dresden ZMD op-C 21th"]
[Site "Dresden"]
[Date "2012.08.22"]
[Round "5"]
[White "Nobis, Philipp"]
[Black "Raden, Hans Joachim"]
[Result "1-0"]
[WhiteElo "1667"]
[BlackElo "1536"]
[PlyCount "60"]
[EventDate "2012.08.18"]
[EventType "swiss"]
[EventRounds "9"]
[EventCountry "GER"]
[SourceTitle "CBM 150 Extra"]
[Source "ChessBase"]
[SourceDate "2012.10.19"]
[SourceVersion "1"]
[SourceVersionDate "2012.10.19"]
[SourceQuality "1"]

1. c4 Nf6 2. g3 g6 3. Bg2 Bg7 4. Nc3 0-0 5. Nf3 c5 6. 0-0 Nc6 7. d3 d5 8. a3 d4 9. Na4 Qd6 10. Rb1 e5 11. Bd2 a5 12. Nb6 Rb8 13. Nxc8 Rbxc8 14. Qe1 b6 15. b4 axb4 16. axb4 b5 17. bxc5 Qxc5 18. cxb5 Rb8 19. Rc1 Rfe8 20. Bh3 Rec8 21. Rxc5 Nd5 22. Qa1 Ra8 23. Rfc1 Nde7 24. Qa3 Ra7 25. Qa5 Rxa5 26. Rxc6 Rxc6 27. Kg2 Nf5 28. Rc5 Rxb5 29. g4 e4 30. Rxc6 f6 1-0

[Event "Dresden ZMD op"]
[Site "Dresden"]
[Date "2010.07.10"]
[Round "1"]
[White "Raden, Hans Joachim"]
[Black "Berndt, Matthias"]
[Result "0-1"]
[WhiteElo "1786"]
[BlackElo "2177"]
[PlyCount "48"]
[EventDate "2010.07.10"]
[EventType "swiss"]
[EventRounds "9"]
[EventCountry "GER"]
[SourceTitle "CBM 137 Extra"]
[Source "ChessBase"]
[SourceDate "2010.09.01"]
[SourceVersion "1"]
[SourceVersionDate "2010.09.01"]
[SourceQuality "1"]

1. c4 e5 2. g3 Nc6 3. Bg2 g6 4. Nc3 Bg7 5. Nf3 d6 6. 0-0 Be6 7. d3 Qc8 8. Rb1 Bh3 9. Bxh3 Qxh3 10. Nd5 Qd7 11. Bd2 Nd8 12. b4 c6 13. Nc3 f5 14. b5 Nf6 15. e4 Ne6 16. exf5 gxf5 17. Re1 0-0 18. Qc1 f4 19. Ne4 Nxe4 20. Rxe4 fxg3 21. Kg2 Qf7 22. Qd1 Nd4 23. Re3 Bh6 24. hxg3 Bxe3 0-1